01109nam a2200193Ia 4500001001100000003001000011008004100021040002500062041001300087100001500100245002000115250001100135260008700146300001200233500026200245501011400507520026200621650003200883L600-48657IT-CnALBA170116s9999||||xx |||||||||||||| ||und|| aIT-CnALBAcIT-CnALBA aITALIANO aBARKER PAT 0aRIGENERAZIONE.  a1a ed. a RECCO, GENOVAbIL MELANGOLO NUOVO c1997 [1° Ed.:1997 - Ed.Ling.Originale: 1991] a310 p.  aDICHIARAZIONI DI UN SOLDATO. A CURA DI NADOTTI A. TRADUZIONE DAL FRANCESE. BASTA CON LA GUERRA. OPERA PODEROSA SULLA VITA E LA MORTE. E L'AMORE. EVENTI REALI E INVENZIONI. CRUDEZZE BRUTALITA' PIETÀ. RICOSTRUZIONE DI FATTI LUOGHI CONVENZIONI SOCIALI. GESTI aSocietà San Paolo EM - Piazza San Paolo, 14 - 12051 ALBA (CN) (non commercial uses only) ® Copyright 2017 aDICHIARAZIONI DI UN SOLDATO. A CURA DI NADOTTI A. TRADUZIONE DAL FRANCESE. BASTA CON LA GUERRA. OPERA PODEROSA SULLA VITA E LA MORTE. E L'AMORE. EVENTI REALI E INVENZIONI. CRUDEZZE BRUTALITA' PIETÀ. RICOSTRUZIONE DI FATTI LUOGHI CONVENZIONI SOCIALI. GESTI aSCIENZE APPLICATE IN GENERE